| 000 | 00787nam a2200229 a 4500 | ||
|---|---|---|---|
| 001 | 12996 | ||
| 003 | BD-JhCC | ||
| 005 | 20230612090023.0 | ||
| 008 | 230612s20192018bg |||| |||| 000 0 ben d | ||
| 020 | _a9789848254165 | ||
| 035 | _a(BD-JhCC)12996 | ||
| 040 |
_aBD-JhCC _dBD-JhCC |
||
| 041 | _aben | ||
| 082 |
_a297 _bTAB 2019 |
||
| 100 | _aতাবরীজ, মুগিউর রহমান | ||
| 245 |
_aঅ্যা লেটার টু অ্যাথিউস্ট / _cমুগিউর রহমান তাবরীজ |
||
| 260 |
_aঢাকা : _bগার্ডিয়ান, _c২০১৯ |
||
| 300 |
_a২৪৬ পৃ. : _c২১ সেমি. |
||
| 504 | _aগ্রন্থপঞ্জি সংযোজিত। | ||
| 650 | _aIslam | ||
| 942 |
_2ddc _cBK |
||
| 999 |
_c12996 _d12996 |
||